000 00632nam a2200241 a 4500
001 0001-1428
003 ELIB.Books
008 170321 2010 eng
020 _aKBTS
035 _a(ELIB.Books)0001-1583
092 _aThesis Tha
_bTha
100 _aThaw Htu Htoo
245 _aThe Effective Spiritual Leadership Model of Nehemiah for Church Leader in 21st Century
260 _aKBTS Library
_bKBTS Library
_c2016
300 _c29.7 Cm
500 _aThesis
650 _aThesis
856 _nKBTS Library
_uKBTS: ELIB
942 _2ddc
_cBK
990 _a1
998 _cbat
_e2017-03-21
999 _c11428
_d11428